01434nam a22003014a 4500001001200000003000800012006001900020007001500039008004100054010001700095020004000112040002100152035002000173050002400193082002100217100002500238245012100263260004800384300001400432504006600446505025000512533015200762650002700914655002900941710001700970856012600987999001901113ebr10114095CaPaEBRm u cr cn|||||||||040406s2004 nju sb 001 0 eng  z 2004007929 z0471658065 (pbk. : acid-free paper) aCaPaEBRcCaPaEBR a(OCoLC)7072015114aRC565b.P375 2004eb04a616.86/106512221 aPerkinson, Robert R.10aTreating alcoholismh[electronic resource] :bhelping your clients find the road to recovery /cRobert R. Perkinson. aHoboken, N.J. :bJohn Wiley & Sons,cc2004. ax, 326 p. aIncludes bibliographical references (p. 295-307) and indexes.0 aRecognizing alcohol problems -- Critical concepts -- Treatment planning -- The tools of recovery -- The steps -- Dual diagnosis -- Adolescent treatment -- Terminating treatment and preventing relapse -- The recovery community -- Into the future. aElectronic reproduction.bPalo Alto, Calif. :cebrary,d2013.nAvailable via World Wide Web.nAccess may be limited to ebrary affiliated libraries. 0aAlcoholismxTreatment. 7aElectronic books.2local2 aebrary, Inc.40uhttp://site.ebrary.com/lib/rucke/Doc?id=10114095zAn electronic book accessible through the World Wide Web; click to view c105639d105639